[Event "Medellin Luces Cup"]
[Site "Medellin"]
[Date "2017.12.21"]
[Round "7"]
[White "Arango, Andres Mauricio"]
[Black "Valle, Efrain"]
[Result "0-1"]
[WhiteElo "2075"]
[BlackElo "2122"]
[PlyCount "76"]
[EventDate "2017.12.18"]
[EventType "swiss"]
[EventRounds "7"]
[EventCountry "COL"]
[SourceTitle "CBM 182 Extra"]
[Source "ChessBase"]
[SourceDate "2018.02.23"]
[SourceVersion "1"]
[SourceVersionDate "2018.02.23"]
[SourceQuality "1"]

1. e4 Nf6 2. e5 Nd5 3. d4 d6 4. Nf3 Bg4 5. Be2 e6 6. 0-0 Be7 7. h3 Bh5 8. c4 Nb6 9. Nc3 0-0 10. Be3 Nc6 11. exd6 cxd6 12. d5 Bxf3 13. Bxf3 Ne5 14. dxe6 Nxf3+ 15. Qxf3 Nxc4 16. Qxb7 fxe6 17. Bxa7 Bf6 18. Be3 d5 19. Qc6 Re8 20. Bc1 Qe7 21. Re1 Qf7 22. Re2 Rac8 23. Qa4 d4 24. Ne4 d3 25. Rd2 Qg6 26. Nxf6+ gxf6 27. Rd1 Kh8 28. Qb3 Rg8 29. g3 Ne5 30. Bf4 Nf3+ 31. Kf1 Rgd8 32. Qxe6 Nd4 33. Qg4 Qe4 34. Kg1 Nf3+ 35. Kh1 Ne5+ 36. f3 Nxf3 37. Bh6 Qxg4 38. hxg4 Rc2 0-1